ARRUPE JESUIT UNIVERSITY

CORONAVIRUS -STOP THE SPREAD - CLEAN,DISINFECT,COVER

Thrown among strangers : (Record no. 118420)

MARC details
000 -LEADER
fixed length control field 00882cam a2200265 a 4500
001 - CONTROL NUMBER
control field 1061155
003 - CONTROL NUMBER IDENTIFIER
control field ARRUPE
005 - DATE AND TIME OF LATEST TRANSACTION
control field 20131023161411.0
008 - FIXED-LENGTH DATA ELEMENTS--GENERAL INFORMATION
fixed length control field 900716s1990 nik b 001 0deng
010 ## - LIBRARY OF CONGRESS CONTROL NUMBER
LC control number 90175625
040 ## - CATALOGING SOURCE
Original cataloging agency DLC
Transcribing agency DLC
Modifying agency DLC
043 ## - GEOGRAPHIC AREA CODE
Geographic area code e-ie---
050 00 - LIBRARY OF CONGRESS CALL NUMBER
Classification number BX4705.N5
Item number M46 1990
082 00 - DEWEY DECIMAL CLASSIFICATION NUMBER
Classification number 282/.092
-- B
Edition number 20
300 ## - PHYSICAL DESCRIPTION
Dimensions 22 cm.
100 1# - MAIN ENTRY--PERSONAL NAME
Personal name McRedmond, Louis.
9 (RLIN) 2819
245 10 - TITLE STATEMENT
Title Thrown among strangers :
Remainder of title John Henry Newman in Ireland.
260 ## - PUBLICATION, DISTRIBUTION, ETC. (IMPRINT)
Place of publication, distribution, etc Dublin :
Name of publisher, distributor, etc Veritas,
Date of publication, distribution, etc 1990.
300 ## - PHYSICAL DESCRIPTION
Extent viii, 209 p. ;
504 ## - BIBLIOGRAPHY, ETC. NOTE
Bibliography, etc Includes bibliographical references (p. 201-204) and index.
600 10 - SUBJECT ADDED ENTRY--PERSONAL NAME
Personal name Newman, John Henry,
Dates associated with a name 1801-1890
General subdivision Travel
Geographic subdivision Ireland.
9 (RLIN) 2820
610 20 - SUBJECT ADDED ENTRY--CORPORATE NAME
Corporate name or jurisdiction name as entry element University College, Dublin
General subdivision History.
9 (RLIN) 2821
906 ## - LOCAL DATA ELEMENT F, LDF (RLIN)
a 7
b cbc
c orignew
d 3
e ncip
f 19
g y-gencatlg
942 ## - ADDED ENTRY ELEMENTS (KOHA)
Source of classification or shelving scheme Library of Congress Classification
Koha item type Monograph ( Printed materials)
Holdings
Withdrawn status Lost status Source of classification or shelving scheme Damaged status Not for loan Home library Current library Date acquired Total Checkouts Full call number Barcode Date last seen Price effective from Koha item type
    Library of Congress Classification     ARRUPE LIBRARY ARRUPE LIBRARY 23/10/2013   BX1755.N44 M174 1990 46411506 22/11/2017 23/10/2013 Monograph ( Printed materials)

 

Arrupe Library. PO Box MP320 Mt Pleasant, Harare, Zimbabwe
263 242 745411|librarian@aju.ac.zw